000 01606cam a22004574i 4500
003 PE-LiUPU
005 20250731172903.0
008 150706s2015 gw r 000 0 eng d
020 _a3161538374
020 _a9783161538377
035 _a(Sirsi) a166133
040 _aPE-LiUPU
_bspa
_cPE-LiUPU
_erda
049 _aPRUA
082 0 4 _a296.491
_bD96
_223
100 1 _aDubovský, Peter,
_eautor.
245 0 4 _aThe building of the first temple :
_ba study in redactional, text-critical and historical perspective /
_cPeter Dubovsky.
264 1 _aTübingen :
_bMohr Siebeck,
_c2015.
300 _axvii, 264 páginas
_;c24 centímetros
336 _atext
_2rdacontent
337 _aunmediated
_2rdamedia
338 _avolume
_2rdacarrier
505 0 _aIntroduction -- Restoration of temples in the ancient near east -- Did the preexilic temple change? -- Stratigrafhy of the text (1 kgs 6-8) and stratigraphy of the temple -- Conclusion.
526 _aSEG42
526 _aSEG41
526 _aSEG40
526 _aSEG39
526 _aP94
526 _aP87
526 _aP86
526 _aP85
526 _aP77
526 _aP76
526 _aP35
650 0 4 _aTemplo de Dios.
650 0 4 _aTemplo de Jerusalén (Jerusalén) en la Biblia.
942 _2ddc
_cBOOK
994 _aC0
_bPEPRU
596 _a1
999 _a296.491 D96
_wLC
_c14872
_i75233
_f2021-11-11
_g5
_lCCODEBUL1
_mBUL
_p70.00
_r0
_sY
_tBOOK
_u2017-1-16
_xTEOLOGIA
_PP85
_0COMPRA
_o.STAFF. Colección Teología
_d14872
980 _81
_gALBERTO SANCHEZ Responsable de Automatización